000 00401cam a2200157ua 4500
041 _aeng
_h
082 _a694.1
_bHES/PR
100 _aHesp, Thomas .
245 _aPrinciples of woodcutting machinists` work /
_cThomas Hesp.
_hTextual Documents
250 _a1 /
_b.
260 _aLondon :
_bLongaman Green and Co ,
_c1960.
300 _a141 ; .
504 _a
942 _cBK
999 _c2712
_d2712